000 00402nam a2200157Ia 4500
008 151213s9999 xx 000 0 und d
100 _aJ. Johnson & J. D. Nardo
245 _aEconomics
_cJ. Johnson & J. D. Nardo
250 _a4th
260 _aNew York
_bMc Grow Hill
_c1997
300 _a4227 p.
650 _aEconomics
650 _aEconomics
700 _aJ. Johnson & J. D. Nardo
999 _c2651
_d2651